Soccer players by photo - Statistics

General Stats
  • This quiz has been taken 502 times
  • The average score is 17 of 20
Answer Stats
Picture Answer % Correct
Ronaldo
100%
Mbappe
99%
Messi
98%
Kane
95%
Pele
95%
Maradona
94%
Neymar
92%
Salah
92%
Modric
91%
Zidane
90%
Suarez
89%
Ibrahimovic
83%
Kroos
83%
Iniesta
81%
Hazard
80%
Xavi
79%
Benzema
77%
De Gea
76%
Cruyff
75%
Baggio
59%
No matching quizzes found
Score Distribution
Percent of People with Each Score
Percentile by Number Answered
Your Score History
You have not taken this quiz